| 000 | 00673nam a2200217 a 4500 | ||
|---|---|---|---|
| 005 | 20250809063838.0 | ||
| 008 | 030604s2001 mx r 000 0 spa d | ||
| 020 | _a8433962981 | ||
| 035 | _aUPN01000125015 | ||
| 049 | _aCG | ||
| 050 | 4 |
_aHQ76.25 _bE7.78 |
|
| 100 | 1 | _aEribon, Didier | |
| 245 | 1 | 0 |
_aReflexiones sobre la cuestión gay / _cDidier Eribon ; tr. de Jaime Zulaika. |
| 260 |
_aBarcelona, Esp.: _bAnagrama, _cc2001. |
||
| 300 | _a522 p. | ||
| 440 | 0 |
_aArgumentos ; _v259 |
|
| 650 | 4 |
_aPersonas homosexuales _xCondiciones sociales _9189 |
|
| 650 | 4 |
_aPersonas homosexuales _xPsicología _9190 |
|
| 650 | 4 |
_aHOMOSEXUALIDAD EN LA LITERATURA _9191 |
|
| 905 | _aLibro | ||
| 999 |
_c97194 _d97194 |
||